[Event "Candidates FED U16 Online"]
[Site "chess.com INT"]
[Date "2020.04.19"]
[Round "4.3"]
[Board "2"]
[White "Razafindratsima, Timothe"]
[Black "Pogosyan, Stefan"]
[Result "1-0"]
[WhiteTitle "FM"]
[BlackTitle "IM"]
[WhiteElo "2336"]
[BlackElo "2442"]
[WhiteTeam "FRA"]
[BlackTeam "RUS"]
[WhiteFideId "36069884"]
[BlackFideId "34159867"]
[EventDate "2020.04.18"]
[EventType "team (rapid)"]

1. e4 e5 2. Nf3 Nc6 3. Bb5 a6 4. Ba4 Nf6 5. d3 b5 6. Bb3 Bc5 7. Nc3 d6 8. Nd5 h6
9. c3 O-O 10. Nxf6+ Qxf6 11. Bd5 Bd7 12. Rg1 Qd8 13. g4 Ne7 14. Bxa8 Qxa8 15.
Be3 Ng6 16. Qd2 Qa7 17. h4 Re8 18. O-O-O Be6 19. h5 Nf4 20. d4 Bb6 21. Bxf4 exf4
22. g5 1-0

[Event "Candidates FED U16 Online"]
[Site "chess.com INT"]
[Date "2020.04.19"]
[Round "4.3"]
[Board "3"]
[White "Makarian, Rudik"]
[Black "Boyer, Mahel"]
[Result "1/2-1/2"]
[WhiteTitle "IM"]
[BlackTitle "FM"]
[WhiteElo "2442"]
[BlackElo "2294"]
[WhiteTeam "RUS"]
[BlackTeam "FRA"]
[WhiteFideId "44105681"]
[BlackFideId "45102422"]
[EventDate "2020.04.18"]
[EventType "team (rapid)"]

1. f4 d5 2. d3 g6 3. Nf3 Bg7 4. g3 Nf6 5. Bg2 O-O 6. O-O c5 7. Ne5 Nfd7 8. Nf3
e5 9. e4 exf4 10. gxf4 Nb6 11. Nc3 Nc6 12. Qe2 Bg4 13. Qf2 Nd4 14. exd5 Nxf3+
15. Bxf3 Bd4 16. Be3 Bxf3 17. Qxf3 Re8 18. Rae1 Bxe3+ 19. Rxe3 Rxe3 20. Qxe3
Nxd5 21. Qxc5 Nxc3 22. bxc3 Rc8 23. Qe5 Qh4 24. c4 Qg4+ 25. Kh1 Qd7 26. Re1 Qa4
27. Qb2 Qc6+ 28. Kg1 Qc5+ 29. Kg2 Qh5 30. Qd4 Qg4+ 31. Kf1 Qh3+ 32. Kg1 Qg4+ 33.
Kh1 Qf3+ 34. Kg1 Qg4+ 35. Kh1 Qf3+ 36. Kg1 Qg4+ 1/2-1/2

[Event "Candidates FED U16 Online"]
[Site "chess.com INT"]
[Date "2020.04.19"]
[Round "4.3"]
[Board "4"]
[White "Tomasi, Elise"]
[Black "Garifullina, Leya"]
[Result "0-1"]
[BlackTitle "WGM"]
[WhiteElo "2030"]
[BlackElo "2357"]
[WhiteTeam "FRA"]
[BlackTeam "RUS"]
[WhiteFideId "26088843"]
[BlackFideId "34127035"]
[EventDate "2020.04.18"]
[EventType "team (rapid)"]

1. d4 Nf6 2. Nf3 e6 3. g3 d5 4. Bg2 Be7 5. O-O O-O 6. c4 Nbd7 7. Qc2 c6 8. Nbd2
b6 9. e4 dxc4 10. Nxc4 Bb7 11. Rd1 c5 12. e5 Nd5 13. b3 Rc8 14. Qd2 cxd4 15.
Nxd4 Bb4 16. Qd3 Ba6 17. Nf3 Qc7 18. Ng5 g6 19. Bb2 Be7 20. Bxd5 Nc5 21. Qd4
Bxc4 22. bxc4 Bxg5 23. Bg2 Rfd8 24. Qg4 Be7 25. h4 h5 26. Qe2 Na4 27. Rac1 Nxb2
28. Rxd8+ Rxd8 29. Qxb2 Bc5 30. Qe2 Qd7 31. Bf3 Qd2 32. Qxd2 Rxd2 33. Bc6 Rxf2
34. Kh1 Rxa2 35. Bb5 Re2 36. Ra1 a5 37. Rd1 Rxe5 38. Kg2 Re2+ 39. Kf3 Re3+ 40.
Kg2 Kg7 41. Rd7 Re5 42. Rb7 Rf5 43. Ra7 e5 44. Bd7 Rf6 45. Bb5 e4 46. Ra8 Re6
47. Kf1 Rf6+ 48. Ke2 Rf2+ 49. Ke1 e3 0-1

[Event "Candidates FED U16 Online"]
[Site "chess.com INT"]
[Date "2020.04.19"]
[Round "4.3"]
[Board "5"]
[White "Nur-Mukhametova, Alisa"]
[Black "Sumarriva Paulin, Laura"]
[Result "1-0"]
[BlackTitle "WFM"]
[WhiteElo "2262"]
[BlackElo "2023"]
[WhiteTeam "RUS"]
[BlackTeam "FRA"]
[WhiteFideId "54117739"]
[BlackFideId "45102635"]
[EventDate "2020.04.18"]
[EventType "team (rapid)"]

1. Nf3 d5 2. c4 e6 3. g3 Nf6 4. Bg2 Be7 5. O-O c6 6. d4 Nbd7 7. Qc2 O-O 8. Nbd2
b6 9. b3 Bb7 10. Bb2 Rc8 11. Rfd1 c5 12. Rac1 Qc7 13. cxd5 exd5 14. Qb1 Qb8 15.
e3 Ne4 16. Nxe4 dxe4 17. Ne5 Nf6 18. Nc4 Rcd8 19. dxc5 Bxc5 20. Bxf6 gxf6 21.
Bxe4 Bxe4 22. Qxe4 Qc7 23. Qg4+ Kh8 24. Qf5 Qe7 25. Nd2 Ba3 26. Rc4 Rg8 27. Rh4
Rg6 28. Qf3 f5 29. Rd4 Rxd4 30. exd4 Qe6 31. Nc4 Bb4 32. d5 Qe4 33. Qxe4 fxe4
34. d6 Rg8 35. d7 Be7 36. Ne5 Kg7 37. Nc6 Bd8 38. Nxa7 f5 39. Nc6 Kf6 40. Rd6+
Kg5 41. h4+ Kg4 42. Re6 Rg7 43. Nxd8 Rxd7 44. Nc6 Rd1+ 45. Kg2 Rd2 46. Rh6 f4
47. Ne5+ Kf5 48. gxf4 Kxf4 49. Nc4 Rxa2 50. Rxh7 b5 51. Rf7+ Kg4 52. Ne3+ Kxh4
53. Rf4+ Kg5 54. Rxe4 Rb2 55. Re5+ Kf4 56. Rxb5 1-0

[Event "Candidates FED U16 Online"]
[Site "chess.com INT"]
[Date "2020.04.19"]
[Round "5.1"]
[Board "1"]
[White "Maurizzi, Marc Andria"]
[Black "Nihal, Sarin"]
[Result "0-1"]
[WhiteTitle "IM"]
[BlackTitle "GM"]
[WhiteElo "2433"]
[BlackElo "2620"]
[WhiteTeam "FRA"]
[BlackTeam "FIDE"]
[WhiteFideId "36083534"]
[BlackFideId "25092340"]
[EventDate "2020.04.18"]
[EventType "team (rapid)"]

1. d4 d5 2. Nf3 Nf6 3. Bf4 c5 4. e3 Nc6 5. Nbd2 e6 6. c3 cxd4 7. exd4 Nh5 8. Be3
Bd6 9. Bd3 Nf4 10. Bxf4 Bxf4 11. O-O O-O 12. Re1 Bd7 13. g3 Bc7 14. Qc2 h6 15.
Re2 Rc8 16. Rae1 Qf6 17. Kg2 Rce8 18. Ne5 Nxe5 19. dxe5 Qe7 20. Nf3 Bb6 21. Qd2
Bc6 22. Nd4 Bxd4 23. cxd4 Qd7 24. Qb4 Rc8 25. Rc1 Ba4 26. Rxc8 Rxc8 27. b3 Bc6
28. h4 Qd8 29. Rc2 Qb6 30. Qxb6 axb6 31. b4 Kf8 32. b5 Bd7 33. Rxc8+ Bxc8 34. g4
Ke7 35. f4 Bd7 36. Kf3 g6 37. a4 Bc8 38. Ke3 Bd7 39. Kd2 Kd8 40. Kc3 Kc7 41. Kb4
Bc8 42. Be2 Bd7 43. Kc3 Kd8 44. Bd3 Bc8 45. Kd2 Bd7 46. Ke3 Ke7 47. f5 exf5 48.
gxf5 Bxf5 49. Bf1 Bc2 50. Bg2 Ke6 51. Bh3+ f5 52. exf6+ Kxf6 53. Bc8 Bxa4 54.
Bxb7 Bxb5 55. Bxd5 Bd7 56. Kf4 g5+ 57. hxg5+ hxg5+ 58. Kg3 b5 59. Bb3 b4 60. d5
Ke5 61. Kf3 Kd4 62. d6 Kc3 63. Bf7 b3 64. Bg6 Kd2 65. Ke4 b2 66. Ke5 g4 67. Kf4
Kc1 0-1

[Event "Candidates FED U16 Online"]
[Site "chess.com INT"]
[Date "2020.04.19"]
[Round "5.1"]
[Board "2"]
[White "Abdusattorov, Nodirbek"]
[Black "Razafindratsima, Timothe"]
[Result "1-0"]
[WhiteTitle "GM"]
[BlackTitle "FM"]
[WhiteElo "2627"]
[BlackElo "2336"]
[WhiteTeam "FIDE"]
[BlackTeam "FRA"]
[WhiteFideId "14204118"]
[BlackFideId "36069884"]
[EventDate "2020.04.18"]
[EventType "team (rapid)"]

1. e4 c5 2. Nf3 d6 3. d4 cxd4 4. Nxd4 Nf6 5. Nc3 a6 6. Bd3 e5 7. Nde2 Be7 8. O-O
O-O 9. Ng3 Be6 10. Nd5 Bxd5 11. exd5 Re8 12. c4 Nbd7 13. Be3 Qc7 14. Rc1 Nc5 15.
b4 Nxd3 16. Qxd3 a5 17. a3 b6 18. Rfd1 Red8 19. Ne2 axb4 20. axb4 Ra4 21. Nc3
Rxb4 22. Nb5 Qb7 23. Qa3 Nxd5 24. Rxd5 Rxc4 25. Rcd1 Ra8 26. Qd3 Rca4 27. Nxd6
Qc6 28. Nf5 Bf6 29. h3 e4 30. Qb3 Ra1 31. Rxa1 Rxa1+ 32. Kh2 g6 33. Rd8+ Bxd8
34. Nh6+ Kh8 35. Bd4+ Bf6 36. Qxf7 Qc7+ 37. Qxc7 Bxd4 38. Qd8+ Kg7 39. Qxd4+
Kxh6 40. Qxa1 1-0

[Event "Candidates FED U16 Online"]
[Site "chess.com INT"]
[Date "2020.04.19"]
[Round "5.1"]
[Board "3"]
[White "Boyer, Mahel"]
[Black "Keymer, Vincent"]
[Result "0-1"]
[WhiteTitle "FM"]
[BlackTitle "GM"]
[WhiteElo "2294"]
[BlackElo "2558"]
[WhiteTeam "FRA"]
[BlackTeam "FIDE"]
[WhiteFideId "45102422"]
[BlackFideId "12940690"]
[EventDate "2020.04.18"]
[EventType "team (rapid)"]

1. e4 e6 2. d4 d5 3. exd5 exd5 4. Nf3 Bd6 5. c4 Nf6 6. c5 Be7 7. Qa4+ Bd7 8. Qb3
Nc6 9. Be2 O-O 10. O-O b6 11. cxb6 axb6 12. Nc3 Bg4 13. Be3 Na5 14. Qc2 Bxf3 15.
Bxf3 c6 16. Rfe1 h6 17. Bf4 Bd6 18. Be5 Re8 19. Re2 Bxe5 20. dxe5 Nh7 21. Rd1
Qg5 22. Rde1 Nc4 23. Nxd5 Nxe5 24. Be4 cxd5 25. Bxh7+ Kf8 26. Qc3 f6 27. Qb4+
Kf7 28. f4 Qh4 29. Qd6 Rad8 30. Qc7+ Rd7 31. Qxd7+ Nxd7 32. Rxe8 Ne5 33. g3 Qg4
34. fxe5 Kxe8 35. exf6+ Kf7 36. fxg7 Kxg7 37. Re7+ Kf6 38. Rb7 Qd4+ 39. Kf1 Qxb2
40. a4 d4 41. a5 Qa1+ 42. Kg2 Qxa5 43. Bg8 d3 44. Rf7+ Ke5 45. Bh7 Qa2+ 46. Rf2
d2 47. Re2+ Kf6 48. Be4 Qa4 49. Rf2+ Kg7 50. Rxd2 Qxe4+ 51. Kf2 b5 0-1

[Event "Candidates FED U16 Online"]
[Site "chess.com INT"]
[Date "2020.04.19"]
[Round "5.1"]
[Board "4"]
[White "Assaubayeva, Bibisara"]
[Black "Tomasi, Elise"]
[Result "1-0"]
[WhiteTitle "FM"]
[WhiteElo "2364"]
[BlackElo "2030"]
[WhiteTeam "FIDE"]
[BlackTeam "FRA"]
[WhiteFideId "13708694"]
[BlackFideId "26088843"]
[EventDate "2020.04.18"]
[EventType "team (rapid)"]

1. d4 d5 2. c4 e6 3. Nc3 Nf6 4. Bg5 Be7 5. e3 h6 6. Bh4 O-O 7. Bd3 b6 8. cxd5
Nxd5 9. Bxe7 Qxe7 10. Rc1 Bb7 11. Nf3 Nd7 12. Nxd5 Bxd5 13. e4 Bb7 14. Rxc7 Rab8
15. O-O Rfc8 16. Rxc8+ Rxc8 17. Qa4 Nf6 18. Re1 Qc7 19. h3 a5 20. Ne5 Rd8 21.
Bb1 Qd6 22. Nf3 Qf4 23. Qb3 Bxe4 24. Bxe4 Nxe4 25. Qxb6 Rb8 26. Qxa5 f5 27. b3
Rc8 28. Qe5 Qxe5 29. dxe5 Rc2 30. a4 Rb2 31. Nd4 Kf7 32. Re2 Rb1+ 33. Kh2 Nc5
34. Re3 Rb2 35. f3 g5 36. Rc3 Na6 37. Rc6 Nb4 38. Rxe6 Nd3 39. Rf6+ Ke7 40.
Nxf5+ Ke8 41. Rxh6 Nf4 42. e6 Rxg2+ 43. Kh1 Re2 44. Rh8# 1-0

[Event "Candidates FED U16 Online"]
[Site "chess.com INT"]
[Date "2020.04.19"]
[Round "5.1"]
[Board "5"]
[White "Sumarriva Paulin, Laura"]
[Black "Hernandez Gil, Ineymig"]
[Result "0-1"]
[WhiteTitle "WFM"]
[BlackTitle "WFM"]
[WhiteElo "2023"]
[BlackElo "2348"]
[WhiteTeam "FRA"]
[BlackTeam "FIDE"]
[WhiteFideId "45102635"]
[BlackFideId "3526216"]
[EventDate "2020.04.18"]
[EventType "team (rapid)"]

1. d4 d5 2. c4 c6 3. cxd5 cxd5 4. Bf4 Nc6 5. e3 Nf6 6. Nc3 a6 7. Bd3 g6 8. Rc1
Bf5 9. Bxf5 gxf5 10. Nf3 e6 11. Qb3 Na5 12. Qa4+ b5 13. Qd1 Bd6 14. Bxd6 Qxd6
15. Ne5 O-O 16. Qf3 Kh8 17. h4 Nc4 18. Qf4 Qe7 19. Nc6 Qb7 20. Qg5 Nd7 21. Ne5
f6 22. Ng6+ Kg7 23. Qf4 hxg6 24. h5 Rh8 25. h6+ Kf7 26. h7 Nxb2 27. Ke2 Nc4 28.
g4 Qb8 29. Qf3 Nf8 30. gxf5 gxf5 31. Qh5+ Ke7 32. Qh6 Rxh7 33. Qxh7+ Nxh7 34.
Rxh7+ Kd6 0-1

[Event "Candidates FED U16 Online"]
[Site "chess.com INT"]
[Date "2020.04.19"]
[Round "5.2"]
[Board "1"]
[White "Han, Yichen"]
[Black "Murzin, Volodar"]
[Result "0-1"]
[WhiteTitle "FM"]
[BlackTitle "IM"]
[WhiteElo "2307"]
[BlackElo "2465"]
[WhiteTeam "NED"]
[BlackTeam "RUS"]
[WhiteFideId "1054430"]
[BlackFideId "44155573"]
[EventDate "2020.04.18"]
[EventType "team (rapid)"]

1. e4 g6 2. d4 Bg7 3. Nc3 d6 4. f4 Nf6 5. Nf3 O-O 6. Bd3 Na6 7. a3 c5 8. d5 Nc7
9. O-O Bg4 10. h3 Bxf3 11. Qxf3 a6 12. a4 b6 13. Be3 Qc8 14. Nd1 Qb7 15. c4 b5
16. axb5 axb5 17. Rxa8 Rxa8 18. e5 Nd7 19. Qg4 Nf8 20. b3 Ra3 21. Bc2 bxc4 22.
bxc4 Qb4 23. exd6 exd6 24. f5 Ne8 25. fxg6 hxg6 26. Qf4 Qb7 27. Bc1 Ra2 28. Bd3
Qe7 29. Be3 Nd7 30. Nf2 Ne5 31. Re1 Nf6 32. Bf1 Nh5 33. Qe4 Ng3 34. Qb1 Rb2 35.
Qc1 Nxf1 36. Kxf1 Qb7 37. Bh6 Rxf2+ 0-1

[Event "Candidates FED U16 Online"]
[Site "chess.com INT"]
[Date "2020.04.19"]
[Round "5.2"]
[Board "2"]
[White "Pogosyan, Stefan"]
[Black "Elgersma, Onno"]
[Result "1/2-1/2"]
[WhiteTitle "IM"]
[BlackTitle "FM"]
[WhiteElo "2442"]
[BlackElo "2298"]
[WhiteTeam "RUS"]
[BlackTeam "NED"]
[WhiteFideId "34159867"]
[BlackFideId "1053531"]
[EventDate "2020.04.18"]
[EventType "team (rapid)"]

1. Nf3 Nf6 2. b3 d5 3. Bb2 e6 4. e3 c5 5. Bb5+ Nc6 6. O-O Bd7 7. d3 Bd6 8. Nbd2
O-O 9. e4 Be7 10. Bxc6 Bxc6 11. Ne5 Rc8 12. Qf3 Be8 13. a4 d4 14. Ndc4 b6 15.
Bc1 a6 16. Bd2 Ra8 17. Qg3 b5 18. Ba5 Qb8 19. Nb6 Ra7 20. Ng6 Bd6 21. e5 hxg6
22. exd6 Rb7 23. axb5 axb5 24. d7 Bxd7 25. Nxd7 Nxd7 26. Qf3 Ne5 27. Qe4 Nd7 28.
Bd2 Nf6 29. Qf3 Nd5 30. Ra6 Qc7 31. Rfa1 c4 32. bxc4 bxc4 33. dxc4 Qxc4 34. Qd3
Qxd3 35. cxd3 Rb3 36. R6a3 Rfb8 37. g3 Rb2 38. Ba5 Rc2 39. R3a2 Rxa2 40. Rxa2
Rb1+ 41. Kg2 Rd1 42. Ra3 g5 43. Kf3 f5 44. h3 Kf7 45. Ke2 Rh1 46. Bd2 f4 47.
gxf4 gxf4 48. Ra7+ Kf6 49. Ra4 Rxh3 50. Rxd4 f3+ 51. Kd1 Rh2 52. Be3 Kf5 53. Kd2
Rh1 54. Re4 g5 55. Ra4 g4 56. Ra8 Nxe3 57. Kxe3 Re1+ 58. Kd4 Re2 59. Rf8+ Kg6
60. Rg8+ Kf7 61. Rxg4 Rxf2 62. Rf4+ Kg6 63. Ke3 Rf1 64. Rxf3 Rxf3+ 65. Kxf3 Kf5
66. Ke3 1/2-1/2

[Event "Candidates FED U16 Online"]
[Site "chess.com INT"]
[Date "2020.04.19"]
[Round "5.2"]
[Board "3"]
[White "Van Dael, Siem"]
[Black "Makarian, Rudik"]
[Result "0-1"]
[WhiteTitle "FM"]
[BlackTitle "IM"]
[WhiteElo "2293"]
[BlackElo "2442"]
[WhiteTeam "NED"]
[BlackTeam "RUS"]
[WhiteFideId "1049771"]
[BlackFideId "44105681"]
[EventDate "2020.04.18"]
[EventType "team (rapid)"]

1. e4 e5 2. Nf3 Nc6 3. Bc4 Bc5 4. c3 Nf6 5. d3 d6 6. O-O a5 7. Nbd2 h6 8. Re1
O-O 9. h3 Bb6 10. Nf1 Be6 11. Bb5 Ne7 12. Ba4 Ng6 13. Be3 c6 14. Ng3 Bc7 15. Bc2
d5 16. Qe2 a4 17. a3 Re8 18. Rad1 Qc8 19. Bc1 b5 20. d4 Nf4 21. Qf1 dxe4 22.
Nxe5 Bxe5 23. dxe5 Bc4 24. exf6 Bxf1 25. Bxf4 Bd3 26. Bxd3 exd3 27. Rxe8+ Qxe8
28. Rxd3 Qe1+ 29. Kh2 g5 30. Be3 Qb1 31. Rd2 Re8 32. Bc5 Kh7 33. Rd7 Kg6 34. Be7
Qxb2 35. Ne4 b4 36. cxb4 Qxa3 37. Nd6 Rb8 38. b5 Qc1 39. Nxf7 Qf4+ 40. Kg1 Qc1+
41. Kh2 Kxf7 42. Ba3+ Ke6 43. Rd6+ Ke5 44. Bxc1 Kxd6 45. f7 c5 0-1

[Event "Candidates FED U16 Online"]
[Site "chess.com INT"]
[Date "2020.04.19"]
[Round "5.2"]
[Board "4"]
[White "Garifullina, Leya"]
[Black "Roebers, Eline"]
[Result "0-1"]
[WhiteTitle "WGM"]
[WhiteElo "2357"]
[BlackElo "2066"]
[WhiteTeam "RUS"]
[BlackTeam "NED"]
[WhiteFideId "34127035"]
[BlackFideId "1058401"]
[EventDate "2020.04.18"]
[EventType "team (rapid)"]

1. e4 c5 2. Nf3 e6 3. d4 cxd4 4. Nxd4 Nc6 5. Nc3 Qc7 6. Be3 a6 7. Qd2 Nf6 8. f4
Bb4 9. Bd3 Na5 10. a3 Bxc3 11. Qxc3 Qxc3+ 12. bxc3 d5 13. e5 Ne4 14. Nb3 Nxb3
15. cxb3 Nxc3 16. Rc1 Ne4 17. Rc7 O-O 18. O-O b5 19. Rfc1 f6 20. Bxe4 dxe4 21.
Bc5 Re8 22. exf6 gxf6 23. Be7 Kf7 24. Bd8+ Kg6 25. Rxc8 Rxd8 26. R8c6 Kf5 27. g3
Rd3 28. R1c5+ e5 29. fxe5 fxe5 30. Rc7 Rad8 31. Rxh7 e3 32. Kg2 Rd2+ 33. Kh3
R8d5 34. Rc3 Ke4 35. Rh4+ Kf3 36. g4 R5d3 37. Rxd3 Rxd3 38. Rh5 e2 39. Rxe5 Kf4+
40. Kg2 Kxe5 41. Kf2 Rxb3 42. Kxe2 Kf4 43. Kd2 Rxa3 44. Kc2 Kxg4 45. Kb2 Rh3 46.
Ka2 Rxh2+ 0-1

[Event "Candidates FED U16 Online"]
[Site "chess.com INT"]
[Date "2020.04.19"]
[Round "5.2"]
[Board "5"]
[White "Huang, Wendy"]
[Black "Nur-Mukhametova, Alisa"]
[Result "0-1"]
[WhiteElo "1860"]
[BlackElo "2262"]
[WhiteTeam "NED"]
[BlackTeam "RUS"]
[WhiteFideId "1060724"]
[BlackFideId "54117739"]
[EventDate "2020.04.18"]
[EventType "team (rapid)"]

1. e4 c5 2. Nf3 e6 3. c4 Nc6 4. Nc3 Nd4 5. Be2 Ne7 6. O-O Nec6 7. d3 d6 8. Be3
g6 9. Nb5 Nxf3+ 10. Bxf3 a6 11. Nc3 Bg7 12. Qd2 O-O 13. Ne2 Ne5 14. Ng3 Nxf3+
15. gxf3 h5 16. Bg5 Qb6 17. Rab1 a5 18. Kg2 Bd7 19. h4 Rfe8 20. b3 Qb4 21. Rfc1
Bc6 22. Qf4 Be5 23. Qd2 Ra6 24. Bf4 Qb6 25. Bxe5 dxe5 26. Qg5 Qd8 27. Qxe5 Qxh4
28. Rh1 Qe7 29. Rh3 f6 30. Qc3 e5 31. Rbh1 Kf7 32. Qd2 Rh8 33. Rh4 a4 34. Qc2
axb3 35. axb3 Qd6 36. Rd1 Rha8 37. Rhh1 Ra2 38. Qc3 Qd4 39. Qxd4 exd4 40. Rb1
Rd2 41. Rhd1 Raa2 42. Nh1 Rab2 43. Rxb2 Rxb2 44. Ng3 Rxb3 45. f4 Rb2 46. Kf3 b5 0-1

[Event "Candidates FED U16 Online"]
[Site "chess.com INT"]
[Date "2020.04.19"]
[Round "5.3"]
[Board "1"]
[White "Hong, Andrew"]
[Black "Huang, Renjie"]
[Result "0-1"]
[WhiteTitle "IM"]
[WhiteElo "2444"]
[BlackElo "2422"]
[WhiteTeam "USA"]
[BlackTeam "CHN"]
[WhiteFideId "2099438"]
[BlackFideId "8610134"]
[EventDate "2020.04.18"]
[EventType "team (rapid)"]

1. e4 c5 2. Nf3 Nc6 3. d4 cxd4 4. Nxd4 g6 5. c4 Nf6 6. Nc3 d6 7. Nc2 Bg7 8. Be2
O-O 9. O-O Be6 10. Be3 Rc8 11. Rc1 a6 12. f3 Ne5 13. b3 b5 14. Nd4 bxc4 15. Nxe6
fxe6 16. f4 Nd3 17. Bxd3 cxd3 18. Qxd3 Ng4 19. Ne2 Nxe3 20. Qxe3 Qa5 21. a4 Qb4
22. Qd3 a5 23. Rc2 Rxc2 24. Qxc2 e5 25. f5 Bh6 26. Qd3 Qc5+ 27. Kh1 gxf5 28.
exf5 d5 29. Nc3 Rd8 30. f6 exf6 31. Ne4 Qe7 32. Nxf6+ Kh8 33. Ng4 Bg7 34. Ne3 e4
35. Qe2 d4 36. Nf5 Qe5 37. Nxg7 Kxg7 38. Qg4+ Kh8 39. Rf7 d3 40. h3 d2 41. Rxh7+
Kxh7 42. Qh4+ Kg7 43. Qxd8 Qa1+ 44. Kh2 d1=Q 45. Qe7+ Kg6 46. Qxe4+ Kf6 47. Qc6+
Ke5 48. Qc7+ Ke4 49. Qh7+ Ke3 50. Qh6+ Kd3 51. Qg6+ Kc3 52. Qf6+ Kc2 53. Qf2+
Qd2 54. Qf5+ Kb2 55. Qe5+ Ka2 56. Qxa5 Qxa5 0-1

[Event "Candidates FED U16 Online"]
[Site "chess.com INT"]
[Date "2020.04.19"]
[Round "5.3"]
[Board "2"]
[White "Zhu, Hengyi"]
[Black "Yoo, Christopher Woojin"]
[Result "1-0"]
[BlackTitle "IM"]
[WhiteElo "2202"]
[BlackElo "2455"]
[WhiteTeam "CHN"]
[BlackTeam "USA"]
[WhiteFideId "8611211"]
[BlackFideId "30909694"]
[EventDate "2020.04.18"]
[EventType "team (rapid)"]

1. e4 c5 2. Nf3 e6 3. c3 Nf6 4. e5 Nd5 5. d4 cxd4 6. cxd4 d6 7. Bc4 Nc6 8. O-O
Be7 9. Bd2 O-O 10. Nc3 Ncb4 11. Ne4 dxe5 12. dxe5 Nb6 13. Bb3 Bd7 14. Nfg5 h6
15. Qh5 N4d5 16. Nf3 Be8 17. Qg4 h5 18. Qg3 Rc8 19. Bh6 g6 20. Rfd1 Nc4 21. Bxc4
Rxc4 22. Nd6 Rg4 23. Qh3 Bxd6 24. exd6 Bc6 25. Ne5 Nf4 26. Bxf4 Rxf4 27. Qg3 Rf5
28. Rac1 Rg5 29. Nxc6 bxc6 30. Qf3 Rd5 31. Rxd5 cxd5 32. Qa3 Qb6 33. d7 Rd8 34.
Rc8 Kg7 35. Rxd8 Qxd8 36. Qd6 Kf6 37. g3 a5 38. b3 d4 39. Kf1 h4 40. Ke2 hxg3
41. hxg3 d3+ 42. Kxd3 Kf5 43. a3 e5 44. b4 axb4 45. axb4 e4+ 46. Ke2 g5 47. b5
g4 48. b6 e3 49. Kxe3 Qa8 50. Qf4+ Ke6 51. Qe4+ Qxe4+ 52. Kxe4 Kxd7 53. Kd5 Kc8
54. Kc6 Kb8 55. b7 f5 56. Kd5 Kxb7 57. Ke5 Kc6 58. Kxf5 Kd7 59. Kxg4 Ke7 60. Kg5
Kf8 61. f4 Kg8 62. f5 Kf8 63. Kf6 Kg8 64. Ke7 Kg7 65. f6+ Kg6 66. f7 Kh7 67.
f8=Q 1-0

[Event "Candidates FED U16 Online"]
[Site "chess.com INT"]
[Date "2020.04.19"]
[Round "5.3"]
[Board "3"]
[White "Shlyakhtenko, Robert"]
[Black "Zhang, Di"]
[Result "1-0"]
[WhiteTitle "FM"]
[WhiteElo "2342"]
[BlackElo "2108"]
[WhiteTeam "USA"]
[BlackTeam "CHN"]
[WhiteFideId "30936934"]
[BlackFideId "8616590"]
[EventDate "2020.04.18"]
[EventType "team (rapid)"]

1. d4 Nf6 2. c4 e6 3. Nc3 Bb4 4. f3 d5 5. a3 Be7 6. e4 dxe4 7. fxe4 e5 8. d5 Bc5
9. Nf3 a5 10. Bd3 O-O 11. Rb1 Na6 12. Qe2 Bg4 13. h3 Nh5 14. hxg4 Ng3 15. Qd2
Nxh1 16. Kd1 Nf2+ 17. Kc2 Nxg4 18. Qe2 Qf6 19. Bg5 Qg6 20. Rh1 h6 21. Bd2 Nf2
22. Rh2 Nxd3 23. Qxd3 Be7 24. Nxe5 Qd6 25. Bf4 Bg5 26. g3 Qe7 27. Nf3 Bxf4 28.
gxf4 Rad8 29. e5 f6 30. e6 Nc5 31. Qf5 c6 32. Nh4 Rfe8 33. Re2 cxd5 34. Nxd5 Qd6
35. Nxf6+ gxf6 36. Rg2+ Kh8 37. Qxf6+ Kh7 38. Qg7# 1-0

[Event "Candidates FED U16 Online"]
[Site "chess.com INT"]
[Date "2020.04.19"]
[Round "5.3"]
[Board "4"]
[White "Ning, Kaiyu"]
[Black "Samadashvili, Martha"]
[Result "1-0"]
[WhiteTitle "WIM"]
[BlackTitle "WFM"]
[WhiteElo "2327"]
[BlackElo "2215"]
[WhiteTeam "CHN"]
[BlackTeam "USA"]
[WhiteFideId "8614750"]
[BlackFideId "2097478"]
[EventDate "2020.04.18"]
[EventType "team (rapid)"]

1. d4 Nf6 2. c4 e6 3. g3 d5 4. Nf3 Be7 5. Bg2 O-O 6. Nc3 c6 7. O-O b6 8. b3 Bb7
9. Bb2 Nbd7 10. Qd3 c5 11. cxd5 exd5 12. Rfd1 Rc8 13. Rac1 Re8 14. dxc5 bxc5 15.
Nh4 Nb6 16. Nf5 Bf8 17. Qd2 h6 18. Qf4 Bc6 19. e3 g5 20. Qf3 d4 21. Qe2 Bxg2 22.
Kxg2 Qd7 23. e4 Qb7 24. Qf3 dxc3 25. Bxc3 Nxe4 26. Kg1 Rc7 27. Re1 Nxc3 28. Qxc3
Rxe1+ 29. Rxe1 Nd5 30. Qe5 Re7 31. Nxe7+ Qxe7 32. Qxe7 Bxe7 33. Re5 Nb4 34. Rxe7
Nxa2 35. Rxa7 Nc1 36. Rb7 Kg7 37. Kf1 Kf6 38. Ke1 Nd3+ 39. Ke2 Nb4 40. Rb5 Nc2
41. Rxc5 Nd4+ 42. Kd3 Nxb3 43. Rb5 Nc1+ 44. Kd2 Na2 45. Rb2 1-0

[Event "Candidates FED U16 Online"]
[Site "chess.com INT"]
[Date "2020.04.19"]
[Round "5.3"]
[Board "5"]
[White "Wu, Rochelle"]
[Black "Song, Yuxin"]
[Result "1/2-1/2"]
[WhiteTitle "WIM"]
[BlackTitle "WIM"]
[WhiteElo "2028"]
[BlackElo "2290"]
[WhiteTeam "USA"]
[BlackTeam "CHN"]
[WhiteFideId "30908132"]
[BlackFideId "8614300"]
[EventDate "2020.04.18"]
[EventType "team (rapid)"]

1. d4 Nf6 2. c4 e6 3. Nc3 Bb4 4. Qc2 O-O 5. Nf3 d6 6. Bd2 Nbd7 7. a3 Bxc3 8.
Bxc3 b6 9. e4 Bb7 10. Bd3 c5 11. d5 exd5 12. cxd5 Re8 13. O-O b5 14. Rfe1 Qb6
15. Rac1 Rac8 16. Qb1 a5 17. b4 axb4 18. axb4 c4 19. Bc2 Ne5 20. Nxe5 dxe5 21.
Qb2 Qd6 22. Bd1 Ra8 23. h3 Nd7 24. Bc2 Nb6 25. Rcd1 f6 26. Ra1 Nd7 27. Rxa8 Rxa8
28. Ra1 Rxa1+ 29. Qxa1 Qb6 30. Kf1 Kf7 31. Qd1 g6 32. Qg4 Qd6 33. Qh4 Nf8 34.
Qg4 Qd7 35. Qxd7+ Nxd7 36. Ke2 Nb6 37. Ke3 f5 38. f3 f4+ 39. Kd2 Nd7 40. Bb1 g5
41. Bc2 h5 42. Ke2 h4 43. Bb1 Ke7 44. Bc2 Kd6 45. Bb1 Nb6 46. Bc2 Ba6 47. Bd1
Nc8 48. Kd2 Ne7 49. Be2 Ng8 50. Bd1 Nf6 51. Be2 Nh5 52. Bd1 Ng3 53. Bc2 Nf1+ 54.
Ke2 Ne3 55. Bb1 Nxg2 56. Kf2 Ne3 57. Bd2 Nd1+ 58. Ke2 Nb2 59. Bc2 Bc8 60. Bc3
Na4 61. Bxa4 bxa4 62. b5 Bxh3 63. Bb4+ Kd7 64. b6 g4 65. Bc3 gxf3+ 66. Kxf3 Kd6
67. b7 Kc7 68. Bxe5+ Kxb7 69. Kxf4 Bg2 70. Bb2 h3 71. Kg3 Bxe4 72. Kxh3 Bxd5 73.
Kg3 Kc6 74. Kf2 Kc5 75. Ke2 Kb4 76. Kd2 Kb3 77. Bd4 a3 78. Kc1 c3 79. Kb1 Be4+
80. Ka1 c2 81. Be3 Bd5 82. Bc1 Kb4 83. Bh6 Kc3 84. Bc1 a2 85. Bh6 Kd3 86. Bg5
Ke2 87. Bh6 Kd1 88. Bg5 Be6 89. Bh6 Ke2 90. Bg5 Kf3 91. Bh6 Kg4 92. Bc1 Kf5 93.
Bd2 Ke4 94. Bc1 1/2-1/2